[Event "SR 3. liga A2 2017/2018"]
[Site "?"]
[Date "2018.01.07"]
[Round "7.6"]
[White "Sturdik, Igor"]
[Black "Spacek, Oliver"]
[Result "1-0"]
[WhiteElo "1985"]
[BlackElo "2215"]
[PlyCount "71"]
[EventDate "2017.??.??"]

1. e4 c5 2. Nf3 e6 3. d4 cxd4 4. Nxd4 a6 5. Bd3 Bc5 6. Nb3 Be7 7. O-O d6 8. Be3
Nf6 9. Nc3 Nbd7 10. f4 b5 11. Qe2 Bb7 12. a3 h5 13. Rad1 Ng4 14. h3 Nxe3 15.
Qxe3 Qc7 16. Nd4 Bf6 17. Bxb5 axb5 18. Ndxb5 Qc6 19. Nxd6+ Kf8 20. Nxb7 Qxb7
21. e5 Bd8 22. Kh1 Bb6 23. Qe2 Ra5 24. f5 Ke7 25. fxe6 fxe6 26. Qd3 Nf8 27.
Qd6+ Ke8 28. Rxf8+ Rxf8 29. Qxe6+ Qe7 30. Qxb6 Rxe5 31. Qb8+ Kf7 32. Rf1+ Kg8
33. Rxf8+ Kh7 34. Rf1 Re1 35. Qf4 h4 36. Nd5 1-0

[Event "SR 3. liga A2 2017/2018"]
[Site "?"]
[Date "2018.01.07"]
[Round "7.6"]
[White "Cajka, Tibor"]
[Black "Bukovsky, Milan"]
[Result "1-0"]
[WhiteElo "2052"]
[BlackElo "1925"]
[PlyCount "103"]
[EventDate "2017.??.??"]

1. e4 e5 2. Nf3 Nc6 3. Bb5 a6 4. Ba4 Nf6 5. O-O Be7 6. d4 exd4 7. e5 Ne4 8. Re1
Nc5 9. Bxc6 dxc6 10. Nxd4 O-O 11. Nc3 Ne6 12. Nf5 Bg5 13. Qxd8 Rxd8 14. Bxg5
Nxg5 15. Ne7+ Kf8 16. Nxc8 Raxc8 17. Rad1 Ne6 18. Rxd8+ Rxd8 19. Rd1 Rd4 20.
Kf1 Ke7 21. Ke1 b6 22. Rxd4 Nxd4 23. Kd2 f6 24. exf6+ Kxf6 25. Ne2 Nf5 26. g3
Ke5 27. Kd3 c5 28. f4+ Kd5 29. Nc3+ Ke6 30. g4 Ne7 31. Ke4 g6 32. Nd1 Nc8 33.
f5+ gxf5+ 34. gxf5+ Kf6 35. Ne3 Nd6+ 36. Kf4 c6 37. Ng4+ Ke7 38. Kg5 Nf7+ 39.
Kf4 a5 40. Ne5 Nd6 41. a4 c4 42. Nxc6+ Kf6 43. Nd4 Nb7 44. Nb5 Nc5 45. Nc3 Nd7
46. Nd5+ Kf7 47. Kg5 Ne5 48. Nxb6 Nf3+ 49. Kf4 c3 50. bxc3 Nxh2 51. Nc4 h5 52.
Ne3 1-0

[Event "SR 3. liga A2 2017/2018"]
[Site "?"]
[Date "2018.01.07"]
[Round "7.6"]
[White "Kolenak, Matus"]
[Black "Diviak, Rastislav"]
[Result "1/2-1/2"]
[WhiteElo "1966"]
[BlackElo "1960"]
[PlyCount "90"]
[EventDate "2017.??.??"]

1. e4 d6 2. d4 Nf6 3. Nc3 g6 4. Be2 Bg7 5. g4 c6 6. Be3 Qa5 7. f3 b5 8. Qd2 b4
9. Nb1 Na6 10. g5 Nd7 11. h4 c5 12. c3 Rb8 13. h5 bxc3 14. bxc3 cxd4 15. cxd4
Qxd2+ 16. Nxd2 O-O 17. Bc4 Nb4 18. Kd1 Nb6 19. Bb3 a5 20. a3 Nc6 21. hxg6 hxg6
22. Ne2 Ba6 23. Nf4 Nxd4 24. Nxg6 Rfe8 25. Bxd4 Bxd4 26. Rc1 Kg7 27. Nh4 e6 28.
Rc7 Rb7 29. Rxb7 Bxb7 30. Ng2 d5 31. Rh4 Rh8 32. Rg4 Bc3 33. Nb1 Rc8 34. Bc2
Bb2 35. g6 f6 36. Nf4 Rc6 37. Rh4 Nc4 38. Rh7+ Kg8 39. Rxb7 Ne3+ 40. Ke2 Rxc2+
41. Nd2 Bc1 42. Nxe6 Rxd2+ 43. Ke1 Ng2+ 44. Kf1 Ne3+ 45. Ke1 Ng2+ 1/2-1/2

[Event "SR 3. liga A2 2017/2018"]
[Site "?"]
[Date "2018.01.07"]
[Round "7.6"]
[White "Ocko, Martin"]
[Black "Mosny, Jaroslav"]
[Result "0-1"]
[WhiteElo "1993"]
[BlackElo "1903"]
[PlyCount "120"]
[EventDate "2017.??.??"]

1. e4 e5 2. Nf3 d6 3. d4 exd4 4. Nxd4 g6 5. c4 Bg7 6. Nc3 Nc6 7. Be3 Nf6 8. h3
O-O 9. g3 Nxd4 10. Bxd4 Be6 11. Qd3 Nd7 12. Bxg7 Kxg7 13. Qd4+ Qf6 14. Qxf6+
Nxf6 15. Bd3 Nd7 16. Nd5 Rac8 17. Nf4 Rfe8 18. Kd2 f6 19. Rac1 Bf7 20. b4 c6
21. a3 Ne5 22. Ne2 Rcd8 23. f4 Nxd3 24. Kxd3 d5 25. exd5 cxd5 26. c5 Re7 27.
Nd4 Rde8 28. Nc2 Be6 29. g4 h5 30. Rhg1 hxg4 31. hxg4 Bd7 32. g5 Bf5+ 33. Kc3
Bxc2 34. Rxc2 Re4 35. Rd2 Rxf4 36. Rxd5 fxg5 37. Rd7+ Rf7 38. Rxf7+ Kxf7 39.
Rxg5 Kf6 40. Rg3 g5 41. Kc4 Rg8 42. b5 g4 43. c6 bxc6 44. bxc6 Ke6 45. Kb5 Rg5+
46. Ka6 Kd6 47. Kb7 Rg7+ 48. Ka6 Kxc6 49. a4 Kc5 50. a5 Kb4 51. Rg1 Rg6+ 52.
Kxa7 Kxa5 53. Kb7 Kb5 54. Kc7 Kc5 55. Kd7 Kd5 56. Ke7 Ke5 57. Kf7 Kf5 58. Ra1
Rb6 59. Ra3 Rb7+ 60. Ke8 Kf4 0-1

[Event "SR 3. liga A2 2017/2018"]
[Site "?"]
[Date "2018.01.07"]
[Round "7.6"]
[White "Doucha, Ludvig"]
[Black "Diviak, Rudolf"]
[Result "0-1"]
[WhiteElo "1886"]
[BlackElo "1778"]
[PlyCount "96"]
[EventDate "2017.??.??"]

1. Nf3 Nf6 2. d4 d6 3. e3 g6 4. Bd3 Bg7 5. h3 Nbd7 6. Nbd2 O-O 7. b3 c5 8. Bb2
Qa5 9. O-O a6 10. a4 Qc7 11. a5 cxd4 12. exd4 Nd5 13. c4 Nb4 14. Bb1 Nc6 15.
Bc3 b5 16. Re1 b4 17. Bb2 Re8 18. Qc2 Nf6 19. d5 Bf5 20. Qc1 Bxb1 21. Qxb1 Nxa5
22. Ra4 Nxb3 23. Nxb3 Qxc4 24. Bxf6 Bxf6 25. Rd1 Rec8 26. Na5 Qe2 27. Nc6 a5
28. Nfd4 Qc4 29. Qb3 Qxb3 30. Nxb3 Rc7 31. Nbxa5 b3 32. Rb1 b2 33. Ra2 e6 34.
Raxb2 Bxb2 35. Rxb2 Kg7 36. f4 Kf6 37. Kf2 exd5 38. g4 h6 39. Kf3 Re8 40. Rd2
Rec8 41. Rc2 Ra8 42. Rb2 Ra6 43. Rc2 Rxa5 44. g5+ hxg5 45. fxg5+ Kg7 46. Nd4
Ra3+ 47. Kf4 Rc4 48. Rd2 Rxh3 0-1

[Event "SR 3. liga A2 2017/2018"]
[Site "?"]
[Date "2018.01.07"]
[Round "7.6"]
[White "Spacek, Marcel"]
[Black "Bahna, Jan"]
[Result "1-0"]
[WhiteElo "1779"]
[BlackElo "1853"]
[PlyCount "45"]
[EventDate "2017.??.??"]

1. d4 d5 2. c4 e6 3. Nf3 Nf6 4. g3 Be7 5. Bg2 Nbd7 6. O-O c5 7. b3 dxc4 8. bxc4
O-O 9. Qc2 a6 10. Rd1 cxd4 11. Nxd4 Qc7 12. Nd2 Rd8 13. Bb2 Nc5 14. a4 Nfd7 15.
a5 Bf6 16. Bc3 g6 17. Qb2 e5 18. Nc2 Re8 19. Nb4 Bg7 20. Nd5 Qb8 21. f4 Ne6 22.
Ne4 f6 23. Nd6 1-0

[Event "SR 3. liga A2 2017/2018"]
[Site "?"]
[Date "2018.01.07"]
[Round "7.6"]
[White "Krist, Milan"]
[Black "Ulehla, Jakub"]
[Result "1/2-1/2"]
[WhiteElo "1825"]
[BlackElo "1732"]
[PlyCount "35"]
[EventDate "2017.??.??"]

1. d4 Nf6 2. c4 g6 3. Nc3 Bg7 4. e4 d6 5. Nf3 O-O 6. Be2 e5 7. dxe5 dxe5 8.
Qxd8 Rxd8 9. Bg5 Nbd7 10. Rd1 Re8 11. O-O c6 12. Nd2 Nc5 13. Be3 Ne6 14. Nb3
Bf8 15. a3 b6 16. Rd2 Bb7 17. f3 c5 18. Nd5 1/2-1/2

[Event "SR 3. liga A2 2017/2018"]
[Site "?"]
[Date "2018.01.07"]
[Round "7.6"]
[White "Trojkova, Michaela"]
[Black "Babirat, Michal"]
[Result "1/2-1/2"]
[WhiteElo "1656"]
[BlackElo "1864"]
[PlyCount "107"]
[EventDate "2017.??.??"]

1. e4 c5 2. Nf3 d6 3. Bb5+ Bd7 4. Qe2 g6 5. c3 Bg7 6. Bxd7+ Qxd7 7. d3 Nc6 8.
Be3 Nf6 9. Nbd2 O-O 10. Nf1 b5 11. Ng3 b4 12. O-O bxc3 13. bxc3 Ng4 14. Qd2
Nxe3 15. fxe3 Rab8 16. Rab1 Qc7 17. d4 Qa5 18. Rb3 Rb6 19. Rfb1 Rfb8 20. Rxb6
axb6 21. Qb2 b5 22. a3 Qa4 23. Nf1 e5 24. dxe5 dxe5 25. N1d2 Bf8 26. Ne1 f6 27.
Nc2 Rd8 28. Ne1 c4 29. Ndf3 Na7 30. Ra1 Bc5 31. Kf2 Qa5 32. Qc2 Qb6 33. Qc1 Nc6
34. a4 Na5 35. Qc2 Bxe3+ 36. Kf1 Nb3 37. Ra2 Nd2+ 38. Ke2 Nxf3 39. Nxf3 Bh6 40.
axb5 Qxb5 41. Qa4 Qc5 42. Qa7 Qc6 43. Qe7 Qxe4+ 44. Kf2 Be3+ 45. Kg3 Qf4+ 46.
Kh3 Qf5+ 47. Kg3 Qd7 48. Qxf6 Rf8 49. Nxe5 Qc7 50. Qe6+ Kh8 51. Kh3 Qg7 52.
Nxg6+ Qxg6 53. Qxe3 Qh5+ 54. Kg3 1/2-1/2

[Event "SR 3. liga A2 2017/2018"]
[Site "?"]
[Date "2018.01.21"]
[Round "8.1"]
[White "Jozefek, Michal"]
[Black "Jablonicky, Martin"]
[Result "0-1"]
[WhiteElo "2207"]
[BlackElo "2330"]
[PlyCount "80"]
[EventDate "2017.??.??"]

1. d4 Nf6 2. c4 g6 3. Nc3 Bg7 4. e4 d6 5. Be2 O-O 6. Nf3 e5 7. O-O Nc6 8. d5
Ne7 9. Ne1 Nd7 10. Nd3 f5 11. Bd2 Nf6 12. f3 f4 13. c5 g5 14. cxd6 cxd6 15. Nf2
Ng6 16. Qc2 Rf7 17. Rfc1 a6 18. a4 h5 19. h3 Bd7 20. a5 Nh4 21. Qb3 g4 22. fxg4
hxg4 23. hxg4 Nxg4 24. Nxg4 Qg5 25. Qd1 Qg6 26. Be1 Bxg4 27. Bxg4 f3 28. Bxh4
Qxg4 29. g3 Qh3 30. Rc2 Bh6 31. Qf1 Be3+ 32. Rf2 Bxf2+ 33. Kxf2 Qh2+ 34. Ke3
Qxb2 35. Qc1 Qb4 36. Kf2 Rc8 37. Ra3 Qd4+ 38. Kf1 Qd3+ 39. Kf2 Rxc3 40. Qg5+
Rg7 0-1

[Event "SR 3. liga A2 2017/2018"]
[Site "?"]
[Date "2018.01.21"]
[Round "8.1"]
[White "Diviak, Rastislav"]
[Black "Kapusta, Petr"]
[Result "1-0"]
[WhiteElo "1960"]
[BlackElo "2140"]
[PlyCount "71"]
[EventDate "2017.??.??"]

1. e4 c5 2. Nf3 d6 3. d4 cxd4 4. Nxd4 Nf6 5. Nc3 a6 6. Bc4 e6 7. Bb3 Nbd7 8.
Qe2 Nc5 9. g4 Nxb3 10. axb3 e5 11. Nf5 g6 12. Ne3 Bg7 13. g5 Nh5 14. Ned5 Be6
15. Be3 Bxd5 16. Nxd5 Nf4 17. Bxf4 exf4 18. c3 O-O 19. h4 f5 20. O-O-O Be5 21.
Qc4 Kg7 22. Nc7 Qe7 23. Nxa8 Rxa8 24. exf5 gxf5 25. h5 Kh8 26. g6 h6 27. Rde1
Kg7 28. Kc2 Qd7 29. Qd5 Qc7 30. Rd1 Rc8 31. Rhe1 Bxc3 32. bxc3 Qxc3+ 33. Kb1
Qc2+ 34. Ka1 Qc3+ 35. Ka2 Qf6 36. Qxb7+ 1-0

[Event "SR 3. liga A2 2017/2018"]
[Site "?"]
[Date "2018.01.21"]
[Round "8.1"]
[White "Koutny, Petr"]
[Black "Ocko, Martin"]
[Result "1/2-1/2"]
[WhiteElo "2186"]
[BlackElo "1993"]
[PlyCount "175"]
[EventDate "2017.??.??"]

1. e4 e5 2. Nf3 Nc6 3. Nc3 g6 4. Bc4 Bg7 5. O-O Nf6 6. d4 exd4 7. Nxd4 d6 8.
Nxc6 bxc6 9. e5 dxe5 10. Qxd8+ Kxd8 11. Bxf7 Ke7 12. Bb3 Be6 13. Bg5 h6 14.
Bxf6+ Bxf6 15. Bxe6 Kxe6 16. Ne4 Be7 17. Rfe1 Rad8 18. Re3 Rd4 19. Rae1 Rhd8
20. g3 Rd1 21. Kf1 Bb4 22. c3 Be7 23. Ke2 Rxe1+ 24. Kxe1 Kf5 25. Ke2 Rd5 26.
Nd2 Rb5 27. b3 Rd5 28. Rf3+ Ke6 29. Ne4 a5 30. a4 Rd8 31. Rd3 Rb8 32. c4 Rf8
33. f3 g5 34. g4 h5 35. gxh5 Rf4 36. Ng3 Rh4 37. Kf1 Rxh2 38. Kg1 Rh4 39. Kg2
Rd4 40. Re3 g4 41. Ne4 Kf5 42. Kg3 gxf3 43. Kxf3 Bf8 44. Ng3+ Ke6 45. Re4 Rd3+
46. Re3 Rd4 47. Re4 Rd3+ 48. Kg2 Rxb3 49. Rg4 Rb4 50. Rg6+ Kd7 51. Rf6 Be7 52.
Rg6 Rxc4 53. Rg7 Ke6 54. h6 Bf8 55. Rg6+ Kf7 56. h7 Rh4 57. Rxc6 Rxh7 58. Rxc7+
Kg6 59. Rc6+ Kg5 60. Re6 Bb4 61. Rxe5+ Kf6 62. Re2 Re7 63. Ne4+ Kg6 $11 64. Kf3
Rc7 65. Kf4 Rc1 66. Ke5 Ra1 67. Ke6 Rg1 68. Re3 Rg2 69. Kd5 Kf5 70. Rf3+ Kg4
71. Rf2 Rxf2 72. Nxf2+ Kf5 73. Nd3 Bd2 74. Nb2 Kf6 75. Kd6 Kf7 76. Kd7 Kf6 77.
Nc4 Bb4 78. Nb6 Ke5 79. Kc6 Ke6 80. Nd5 Be1 81. Nf4+ Ke7 82. Nd3 Bd2 83. Nc5
Kd8 84. Kb7 Be1 85. Nd3 Bd2 86. Ne5 Be1 87. Nc6+ Kd7 88. Nxa5 1/2-1/2

[Event "SR 3. liga A2 2017/2018"]
[Site "?"]
[Date "2018.01.21"]
[Round "8.1"]
[White "Jarabek, Milan"]
[Black "Kucharek, Jaroslav"]
[Result "0-1"]
[WhiteElo "1734"]
[BlackElo "2041"]
[PlyCount "56"]
[EventDate "2017.??.??"]

1. Nf3 d5 2. g3 Nf6 3. Bg2 e6 4. c4 c6 5. cxd5 exd5 6. O-O Bd6 7. b3 O-O 8. Bb2
Re8 9. Re1 Bg4 10. d3 Nbd7 11. Nbd2 a5 12. Nf1 a4 13. Ne3 Bh5 14. Qc2 axb3 15.
axb3 Qb6 16. Bd4 Bc5 17. Bxc5 Nxc5 18. b4 Rxa1 19. Rxa1 Qxb4 20. Rb1 Qa5 21. d4
Bg6 22. Nf5 Nce4 23. N3h4 Nc3 24. Nxg6 hxg6 25. Nd6 Nxb1 26. Qxb1 Rb8 27. e4
dxe4 28. Qb3 Qd5 0-1

[Event "SR 3. liga A2 2017/2018"]
[Site "?"]
[Date "2018.01.21"]
[Round "8.1"]
[White "Stanec, Stanislav"]
[Black "Diviak, Rudolf"]
[Result "1-0"]
[WhiteElo "2026"]
[BlackElo "1778"]
[PlyCount "75"]
[EventDate "2017.??.??"]

1. d4 Nf6 2. Nf3 d6 3. g3 c6 4. Bg2 Na6 5. O-O Nc7 6. b3 g6 7. Bb2 Bg7 8. Nbd2
O-O 9. Re1 Rb8 10. e4 Re8 11. c4 Bg4 12. h3 Be6 13. Qe2 Qc8 14. Kh2 a6 15. Rac1
Qd8 16. Red1 Bd7 17. g4 Ne6 18. e5 dxe5 19. dxe5 Qc7 20. Kg1 Nf4 21. Qe3 Nxg2
22. Kxg2 Nxg4 23. hxg4 Bxg4 24. Nf1 Qc8 25. Ng3 Bh3+ 26. Kh2 f6 27. Rd4 Bg4 28.
Rd3 h5 29. Re1 f5 30. Nh4 Qe6 31. f3 Rf8 32. Qg5 Kh7 33. Bc1 f4 34. Bxf4 Rxf4
35. Qxf4 Rf8 36. Qe4 Bh3 37. Qxg6+ Qxg6 38. Nxg6 1-0

[Event "SR 3. liga A2 2017/2018"]
[Site "?"]
[Date "2018.01.21"]
[Round "8.1"]
[White "Skapik, Branislav"]
[Black "Hudacek, Josef"]
[Result "0-1"]
[WhiteElo "1808"]
[BlackElo "2052"]
[PlyCount "54"]
[EventDate "2017.??.??"]

1. Nf3 Nf6 2. g3 g6 3. Bg2 Bg7 4. O-O O-O 5. d4 c6 6. Nbd2 d6 7. Re1 Nbd7 8. e4
e6 9. b3 Rb8 10. Bb2 b5 11. c4 a6 12. Qc2 Bb7 13. Rac1 Ne8 14. e5 b4 15. Ne4
Qc7 16. exd6 Nxd6 17. Nxd6 Qxd6 18. c5 Qc7 19. Ne5 Nxe5 20. dxe5 Rfd8 21. f4
Bf8 22. Red1 Qa5 23. Bd4 Rd7 24. Rd2 Rbd8 25. Rcd1 Rxd4 26. Rxd4 Rxd4 27. Kh1
Qd8 0-1

[Event "SR 3. liga A2 2017/2018"]
[Site "?"]
[Date "2018.01.21"]
[Round "8.1"]
[White "Berger, Patrik"]
[Black "Trojkova, Michaela"]
[Result "1-0"]
[WhiteElo "1987"]
[BlackElo "1656"]
[PlyCount "47"]
[EventDate "2017.??.??"]

1. e4 c5 2. Nf3 Nc6 3. d4 cxd4 4. Nxd4 g6 5. Nc3 Bg7 6. Be3 Nf6 7. Nb3 O-O 8.
Be2 d6 9. Qd2 Be6 10. f3 Ne5 11. h4 Nc4 12. Bxc4 Bxc4 13. h5 Bxb3 14. axb3 Nxh5
15. g4 Nf6 16. Bh6 e6 17. Bxg7 Kxg7 18. Qh6+ Kg8 19. e5 dxe5 20. Ne4 Re8 21.
Rd1 Qa5+ 22. b4 Qxb4+ 23. c3 Qe7 24. Rd7 1-0

[Event "SR 3. liga A2 2017/2018"]
[Site "?"]
[Date "2018.01.21"]
[Round "8.1"]
[White "Celustkova, Lubica"]
[Black "Londin, Martin"]
[Result "0-1"]
[WhiteElo "1710"]
[BlackElo "1940"]
[PlyCount "144"]
[EventDate "2017.??.??"]

1. e4 b6 2. d4 Bb7 3. Nc3 e6 4. a3 Nf6 5. e5 Ne4 6. Nxe4 Bxe4 7. Nf3 c5 8. c3
Bb7 9. g3 d6 10. Qa4+ Qd7 11. Bb5 Bc6 12. Bxc6 Nxc6 13. exd6 Bxd6 14. O-O Ne5
15. Qxd7+ Nxd7 16. c4 cxd4 17. Nxd4 Rc8 18. Nb5 Bb8 19. b3 a6 20. Nd4 Be5 21.
Be3 Nc5 22. Rab1 Ne4 23. Ne2 Rc6 24. Rfd1 Ke7 25. f3 Nc3 26. Nxc3 Bxc3 27. Bd4
Bxd4+ 28. Rxd4 Rd8 29. Rxd8 Kxd8 30. Rd1+ Kc7 31. Kf2 b5 32. Rc1 Kb6 33. Ke3 f6
34. f4 a5 35. a4 bxa4 36. bxa4 Kc5 37. Rb1 Kxc4 38. Rb5 Rc5 39. Rb7 Rh5 40. h4
g5 41. fxg5 fxg5 42. Rb5 Rh6 43. hxg5 Rh3 44. Kf3 Rh1 45. Rxa5 Kd4 46. Ra7 Rf1+
47. Kg4 Rh1 48. a5 e5 49. Rd7+ Ke4 50. a6 h5+ 51. gxh6 Rxh6 52. a7 Rg6+ 53. Kh3
Rg8 54. Rg7 Ra8 55. Kg2 Ke3 56. Kf1 e4 57. Ke1 Rh8 58. Rf7 Rh1+ 59. Rf1 Rh8 60.
g4 Rc8 61. Kd1 Rd8+ 62. Kc1 Rc8+ 63. Kd1 Rd8+ 64. Kc1 Ke2 65. Rf7 Rc8+ 66. Kb2
e3 67. Rc7 Ra8 68. Rc2+ Kf3 69. Kc3 Rxa7 70. Kd3 Rd7+ 71. Kc3 Rc7+ 72. Kd3 Rxc2
0-1

[Event "SR 3. liga A2 2017/2018"]
[Site "?"]
[Date "2018.01.21"]
[Round "8.2"]
[White "Danada, Ondrej"]
[Black "Sturdik, Igor"]
[Result "1/2-1/2"]
[WhiteElo "1861"]
[BlackElo "1985"]
[PlyCount "56"]
[EventDate "2017.??.??"]

1. e4 Nf6 2. Nc3 d5 3. exd5 Nxd5 4. Bc4 e6 5. Qf3 Nb4 6. Bb3 N8c6 7. Nge2 Na5
8. Ba4+ Bd7 9. a3 Nd5 10. Bxd7+ Qxd7 11. Nxd5 Qxd5 12. Qxd5 exd5 13. b4 Nc6 14.
Bb2 O-O-O 15. O-O f6 16. Nf4 Rg8 17. Ne6 Re8 18. Nxf8 Rgxf8 19. Rae1 Kd7 20.
Re3 Rxe3 21. fxe3 Re8 22. Rf4 Re4 23. Kf2 Rxf4+ 24. exf4 Ke6 25. g4 g6 26. Ke3
b5 27. h4 f5 28. g5 a6 1/2-1/2

[Event "SR 3. liga A2 2017/2018"]
[Site "?"]
[Date "2018.01.21"]
[Round "8.2"]
[White "Kolenak, Matus"]
[Black "Brunovsky, Peter"]
[Result "1-0"]
[WhiteElo "1966"]
[BlackElo "1846"]
[PlyCount "63"]
[EventDate "2017.??.??"]

1. e4 c6 2. Nf3 d5 3. exd5 cxd5 4. d4 Nc6 5. Bd3 g6 6. O-O Bg7 7. c3 Nh6 8. Re1
O-O 9. Bf4 f6 10. Na3 Nf7 11. Bg3 e5 12. dxe5 fxe5 13. Bc2 Be6 14. Bb3 a6 15.
Nc2 Qa5 16. Qe2 Rfe8 17. Rad1 Rad8 18. h3 Kh8 19. Qf1 Qc5 20. Re2 Qb5 21. Qe1
e4 22. Nfd4 Nxd4 23. Nxd4 Qb6 24. Nxe6 Qxe6 25. Red2 e3 26. fxe3 Bh6 27. Bf2
Ng5 28. Bxd5 Qe7 29. Rd4 Ne6 30. Re4 Qd6 31. Bb3 Qb6 32. Rxd8 1-0

[Event "SR 3. liga A2 2017/2018"]
[Site "?"]
[Date "2018.01.21"]
[Round "8.2"]
[White "Doucha, Ludvig"]
[Black "Kubis, Ivan"]
[Result "1/2-1/2"]
[WhiteElo "1886"]
[BlackElo "1914"]
[PlyCount "56"]
[EventDate "2017.??.??"]

1. Nf3 Nf6 2. d4 e6 3. e3 b6 4. Bd3 Bb7 5. Nbd2 d5 6. Ne5 Nbd7 7. Nxd7 Qxd7 8.
O-O Bd6 9. Re1 O-O 10. c3 c5 11. b3 Rac8 12. Bb2 e5 13. dxe5 Bxe5 14. h3 Rfe8
15. a4 a6 16. Qe2 Ra8 17. Nf3 Bd6 18. Nd2 Be5 19. Nf3 Bd6 20. Nd2 Qe7 21. c4 h6
22. cxd5 Nxd5 23. Qg4 Nf6 24. Qf5 Qe6 25. Bxf6 Qxf5 26. Bxf5 gxf6 27. Nc4 Bc7
28. Rad1 Rad8 1/2-1/2

[Event "SR 3. liga A2 2017/2018"]
[Site "?"]
[Date "2018.01.21"]
[Round "8.2"]
[White "Bilovsky, Milan"]
[Black "Bahna, Jan"]
[Result "1/2-1/2"]
[WhiteElo "1939"]
[BlackElo "1853"]
[PlyCount "85"]
[EventDate "2017.??.??"]

1. e4 e5 2. Nf3 Nc6 3. Bc4 Bc5 4. O-O Nf6 5. d3 O-O 6. Bg5 Be7 7. Nc3 d6 8. h3
Na5 9. Bb3 a6 10. Nh2 Nxb3 11. axb3 c6 12. Qe2 Nxe4 13. Bxe7 Nxc3 14. bxc3 Qxe7
15. f4 f6 16. c4 Qc7 17. fxe5 dxe5 18. Nf3 Bd7 19. Rfe1 Rae8 20. c5 Rf7 21. Qf2
Rfe7 22. Nd2 Be6 23. Ne4 Rd8 24. Nd6 Rxd6 25. cxd6 Qxd6 26. Re2 c5 27. Rf1 Qd4
28. Rfe1 b6 29. Kf1 Qxf2+ 30. Kxf2 a5 31. g4 h5 32. Kg3 g5 33. Rf2 h4+ 34. Kh2
Kg7 35. Kg2 Kg6 36. Rfe2 Rd7 37. Rf2 Rd4 38. Ref1 Rf4 39. Rxf4 gxf4 40. Kf2 Kg5
41. Re1 Bd5 42. Rg1 Bc6 43. Re1 1/2-1/2

[Event "SR 3. liga A2 2017/2018"]
[Site "?"]
[Date "2018.01.21"]
[Round "8.2"]
[White "Krist, Milan"]
[Black "Takacs, Zsolt"]
[Result "1/2-1/2"]
[WhiteElo "1825"]
[BlackElo "1785"]
[PlyCount "24"]
[EventDate "2017.??.??"]

1. d4 d5 2. c4 dxc4 3. Nc3 Nf6 4. e3 e6 5. Bxc4 Be7 6. Nf3 O-O 7. O-O b6 8. Qe2
Bb7 9. b3 Bb4 10. Bb2 Bxc3 11. Bxc3 Bd5 12. Rfd1 Ne4 1/2-1/2

[Event "SR 3. liga A2 2017/2018"]
[Site "?"]
[Date "2018.01.21"]
[Round "8.2"]
[White "Kanka, Tomas"]
[Black "Holicky, Miroslav"]
[Result "0-1"]
[WhiteElo "1701"]
[BlackElo "1736"]
[PlyCount "100"]
[EventDate "2017.??.??"]

1. e4 d5 2. exd5 Qxd5 3. Nc3 Qd8 4. Nf3 Nf6 5. Bc4 a6 6. a4 c5 7. O-O Nc6 8. h3
e6 9. d3 Be7 10. Ne4 Nxe4 11. dxe4 Qb6 12. c3 O-O 13. Qc2 Qc7 14. Be3 b6 15.
Rad1 Bb7 16. Ba2 Ne5 17. Nxe5 Qxe5 18. Bb1 Rfd8 19. f4 Qc7 20. f5 exf5 21.
Rxd8+ Rxd8 22. exf5 Bf6 23. Qf2 Qc6 24. a5 Re8 25. Bf4 b5 26. Qg3 b4 27. Rf3
bxc3 28. bxc3 Qb5 29. Bd3 Qxa5 30. Re3 Qd8 31. Bc4 Rxe3 32. Bxe3 Bxc3 33. Bxc5
Bd4+ 34. Bxd4 Qxd4+ 35. Kh2 Qxc4 36. f6 g6 37. Qe5 Qe6 38. Qb8+ Bc8 39. Qc7 h5
40. Qd8+ Kh7 41. Qf8 Qxf6 42. Qxc8 Qe5+ 43. Kg1 a5 44. Qa6 Qd4+ 45. Kh2 a4 46.
Qa5 Qd6+ 47. Kh1 a3 48. Qa7 Kg7 49. Qa5 Qd1+ 50. Kh2 Qa1 0-1

[Event "SR 3. liga A2 2017/2018"]
[Site "?"]
[Date "2018.01.21"]
[Round "8.2"]
[White "Suchan, Jozef"]
[Black "Mraz, Jan"]
[Result "0-1"]
[WhiteElo "1756"]
[BlackElo "1537"]
[PlyCount "132"]
[EventDate "2017.??.??"]

1. d4 g6 2. c4 Bg7 3. Nf3 d6 4. e3 Nd7 5. Be2 b6 6. Nc3 Bb7 7. b3 e6 8. Bb2 Ne7
9. O-O Nf6 10. Qc2 d5 11. Rfd1 O-O 12. Rac1 c6 13. Ba3 Re8 14. e4 dxe4 15. Nxe4
Nxe4 16. Qxe4 Qc7 17. Qh4 Nf5 18. Qh3 Qf4 19. Bb2 c5 20. Rc2 cxd4 21. Bc1 Qc7
22. g4 d3 23. Bxd3 Bxf3 24. Qxf3 Nd4 25. Qe3 Nxc2 26. Bxc2 Rad8 27. Re1 Rd4 28.
Qf3 e5 29. Be3 Rd6 30. Be4 f5 31. Bd5+ Kh8 32. gxf5 gxf5 33. Qxf5 Rg6+ 34. Kf1
Rf8 35. Qe4 Qd7 36. Qh4 Qg4 37. Qe7 Qf5 38. Qa3 Bh6 39. Qb2 Rgf6 40. Bxh6 Qh3+
41. Kg1 Qxh6 42. Qxe5 Qg7+ 43. Kh1 Rxf2 44. Qxg7+ Kxg7 45. Re7+ Kh6 46. Rxa7
Rb2 47. Kg1 Rff2 48. Rb7 Rfc2 49. Rf7 Rxa2 50. h3 Rc3 51. Be4 Rc1+ 52. Rf1
Rxf1+ 53. Kxf1 Kg7 54. b4 Ra4 55. Bd5 Rxb4 56. Kg2 Rb3 57. Be4 Rc3 58. Bd5 Kf6
59. Bg8 h6 60. Bd5 Ke5 61. h4 Kd4 62. Kf2 b5 63. Bf7 b4 64. Ke2 b3 65. Kd2 b2
66. Bg6 Rc1 0-1

[Event "SR 3. liga A2 2017/2018"]
[Site "?"]
[Date "2018.01.21"]
[Round "8.3"]
[White "Varga, David"]
[Black "Slamena, Michal"]
[Result "1-0"]
[WhiteElo "2304"]
[BlackElo "2005"]
[PlyCount "65"]
[EventDate "2017.??.??"]

1. e4 c5 2. Nf3 d6 3. d4 cxd4 4. Nxd4 Nf6 5. Nc3 g6 6. Be3 Bg7 7. f3 O-O 8. Qd2
Nc6 9. O-O-O d5 10. exd5 Nxd5 11. Nxc6 bxc6 12. Bd4 e5 13. Bc5 Re8 14. Nxd5
cxd5 15. Qxd5 Qg5+ 16. Qd2 Qh4 17. Bb5 Be6 18. Bxe8 Rxe8 19. Kb1 Bxa2+ 20. Kxa2
Qc4+ 21. Kb1 Qxc5 22. Qd6 Qc4 23. Rd3 e4 24. fxe4 Rc8 25. c3 Qxe4 26. Qd5 Qe2
27. Rd2 Qe3 28. Rf1 Rf8 29. Rdf2 Qe7 30. g4 Qc7 31. g5 Rb8 32. Rxf7 Rxb2+ 33.
Ka1 1-0

[Event "SR 3. liga A2 2017/2018"]
[Site "?"]
[Date "2018.01.21"]
[Round "8.3"]
[White "Malar, Pavol"]
[Black "Takacs, Laszlo"]
[Result "0-1"]
[WhiteElo "2063"]
[BlackElo "2236"]
[PlyCount "106"]
[EventDate "2017.??.??"]

1. e4 c5 2. Nf3 e6 3. d3 d5 4. Nbd2 Nc6 5. g3 Nf6 6. Bg2 Be7 7. O-O O-O 8. Re1
Qc7 9. Qe2 b5 10. a4 Nb4 11. Nf1 bxa4 12. e5 Nd7 13. c3 Nc6 14. Rxa4 a5 15. Bf4
Ba6 16. Ne3 Nb6 17. Raa1 Rab8 18. h4 d4 19. Ng4 Nd5 20. c4 Nxf4 21. gxf4 h5 22.
Ngh2 g6 23. Nf1 Rb3 24. Ng3 Rfb8 25. Reb1 Bc8 26. Ng5 Bxg5 27. hxg5 Ne7 28. Ne4
Nf5 29. Bf3 Bb7 30. Nf6+ Kf8 31. Be4 Bxe4 32. Qxe4 Ke7 33. Ra2 Kd8 34. Rba1 Qb7
35. Rxa5 Rxb2 36. Qxb7 R8xb7 37. Rxc5 Rb1+ 38. Rxb1 Rxb1+ 39. Kg2 Rb3 40. Ra5
Rxd3 41. c5 Kc7 42. Ra6 Rb3 43. c6 Rb6 44. Ne8+ Kxc6 45. Ra8 Kc5 46. Rd8 Kb4
47. Kf3 Kc3 48. Nd6 Nxd6 49. Rxd6 Rb4 50. Rd7 Kd2 51. Rxf7 Rb3+ 52. Ke4 d3 53.
Rd7 Ke2 0-1

[Event "SR 3. liga A2 2017/2018"]
[Site "?"]
[Date "2018.01.21"]
[Round "8.3"]
[White "Cibulka, Vladimir"]
[Black "Cebo, Vladimir"]
[Result "1-0"]
[WhiteElo "2152"]
[BlackElo "1670"]
[PlyCount "96"]
[EventDate "2017.??.??"]

1. d4 d5 2. Nf3 e6 3. Bg5 Nf6 4. Nbd2 Nbd7 5. e3 Be7 6. Bd3 O-O 7. O-O b6 8.
Ne5 Bb7 9. f4 c5 10. c3 Qc7 11. Qf3 a5 12. Qh3 g6 13. Qh4 Bd8 14. Rf3 Nh5 15.
g4 f6 16. Nxd7 Qxd7 17. Bh6 f5 18. Bg5 Nf6 19. Bxf6 Bxf6 20. g5 Bh8 21. Qf2 c4
22. Bc2 b5 23. h4 Bc6 24. Rh3 Qe7 25. h5 Be8 26. hxg6 Bxg6 27. Nf3 Bg7 28. Kg2
Ra7 29. Rah1 b4 30. Nh4 Be8 31. Rg3 Rb7 32. g6 h6 33. Nf3 bxc3 34. bxc3 Qa3 35.
Rb1 Rxb1 36. Bxb1 Qxc3 37. Ne5 a4 38. Qc2 Qxc2+ 39. Bxc2 a3 40. Kf3 Bxe5 41.
fxe5 Kg7 42. Rg1 Bxg6 43. Rb1 Ra8 44. Rb7+ Bf7 45. Kf4 Kg6 46. Rb6 Kh5 47. Bd1+
Kh4 48. Bf3 Ra4 1-0

[Event "SR 3. liga A2 2017/2018"]
[Site "?"]
[Date "2018.01.21"]
[Round "8.3"]
[White "Gajarsky, Roman"]
[Black "Blaho, Stefan"]
[Result "0-1"]
[WhiteElo "1797"]
[BlackElo "2026"]
[PlyCount "71"]
[EventDate "2017.??.??"]

1. e4 c5 2. Nc3 Nc6 3. g3 g6 4. Bg2 Bg7 5. Nf3 e6 6. O-O Nge7 7. d3 O-O 8. Be3
Nd4 9. Qd2 Re8 10. Rab1 Nec6 11. a3 a5 12. Ne2 b6 13. Nh4 Ra7 14. f4 f5 15. c3
Nxe2+ 16. Qxe2 Ba6 17. exf5 gxf5 18. Rbd1 d5 19. Bc1 b5 20. Rfe1 Rae7 21. Qf2
Qd6 22. Kh1 d4 23. Qc2 Rd8 24. c4 bxc4 25. dxc4 Rb8 26. Qe2 Rb6 27. Qh5 Bxc4
28. Qg5 Bd5 29. Rd2 Rbb7 30. g4 fxg4 31. Qxg4 Kh8 32. Rc2 Bf6 33. Nf3 Rg7 34.
Qh5 Rb8 35. Ng5 e5 36. f5 0-1